| 000 | 01407nac a22003851u 4500 | ||
|---|---|---|---|
| 003 | EG-ScBUE | ||
| 005 | 20220609102707.0 | ||
| 008 | 080806t2008 nyu f 000 0 eng d | ||
| 020 | _a9780194758116 (v. 2) | ||
| 020 | _a9780194758093 (v. 1) | ||
| 040 |
_aEG-ScBUE _beng _erda _cEG-ScBUE _dEG-ScBUE |
||
| 082 | 0 | 4 |
_a428.43 _bDAY _222 |
| 100 | 1 |
_aDay, Richard R., _eauthor. _926298 |
|
| 245 | 1 | 0 |
_aCover to cover : _breading comprehension and fluency, _pTeacher's book / _cRichard R. Day, Junko Yamanaka, Genevieve Kocienda. |
| 246 | 3 | 0 | _aTeacher's book |
| 264 | 1 |
_aNew York, NY ; _aOxford : _bOxford University Press, _c[2008] |
|
| 264 | 4 | _cc2008 | |
| 300 |
_a3 volumes ; _c25 cm + _e2 CD |
||
| 336 |
_2rdacontent _atext _btxt |
||
| 336 |
_2rdacontent _asounds _bsnd |
||
| 337 |
_2rdamedia _aunmediated _bn |
||
| 337 |
_2rdamedia _aaudio _bs |
||
| 338 |
_2rdacarrier _avolume _bnc |
||
| 338 |
_2rdacarrier _acomputer disc _bcd |
||
| 505 | 0 | _aVolume 1 -- Volume 3. | |
| 650 | 7 |
_aEnglish language _vTextbooks for foreign speakers. _926299 _2BUEsh |
|
| 650 | 7 |
_aEnglish language _xStudy and teaching _xForeign speakers. _926300 _2BUEsh |
|
| 650 | 7 |
_aReading comprehension _926301 _2BUEsh |
|
| 651 | _2BUEsh | ||
| 653 | _bHHUUEENN | ||
| 655 |
_vReading book _934232 |
||
| 700 | 1 |
_aYamanaka, junko, _eauthor. _9113 |
|
| 700 | 1 |
_aKocienda, Genevieve, _eauthor. _936040 |
|
| 942 |
_cTR _k428.43 DAY _2ddc |
||
| 999 |
_c10118 _d10118 |
||